Normal view
MARC view
- English Essays
Entry Topical Term
001 - CONTROL NUMBER
- control field: 26436
003 - CONTROL NUMBER IDENTIFIER
- control field: IN-BhIIT
005 - DATE AND TIME OF LATEST TRANSACTION
- control field: 20250922124708.0
008 - FIXED-LENGTH DATA ELEMENTS
- fixed length control field: 250922|| aca||aabn | a|a d
040 ## - CATALOGING SOURCE
- Original cataloging agency: IN-BhIIT
- Transcribing agency: IN-BhIIT
150 ## - HEADING--TOPICAL TERM
- Topical term or geographic name entry element: English Essays
670 ## - SOURCE DATA FOUND
- Source citation: Work cat.: (IN-BhIIT)14863: Orwell, George Author 2892, Shooting an elephant and other essays /, 1968.